000 00438nam a2200181Ia 4500
008 090124s9999 xx 000 0 und d
082 _b123179
100 _aराजे शैलजा
245 _a सौदा
250 _a1
260 _c1989
300 _a165
600 _aराजे शैलजा
630 _a सौदा
700 _aराजे शैलजा
730 _a सौदा
942 _cBOOK
999 _c169265
_d169265